[Event "Calvia Amateur op 17th"]
[Site "Calvia"]
[Date "2020.10.18"]
[Round "9"]
[White "Ferrer Mygina, Juan"]
[Black "Moreno Garcia, Alfonso"]
[Result "1-0"]
[WhiteElo "1523"]
[BlackElo "2002"]
[PlyCount "73"]
[EventDate "2020.10.10"]
[EventType "swiss"]
[EventRounds "9"]
[EventCountry "ESP"]
[SourceTitle "CBM 198 Extra"]
[Source "ChessBase"]
[SourceDate "2020.11.30"]
[SourceVersion "1"]
[SourceVersionDate "2020.11.30"]
[SourceQuality "1"]

1. e4 e5 2. Nf3 Nc6 3. Bb5 a6 4. Ba4 Nf6 5. d3 b5 6. Bb3 Be7 7. 0-0 d6 8. c3 0-0 9. Re1 Na5 10. Bc2 c5 11. h3 Re8 12. Nbd2 g6 13. Nf1 Kh8 14. Ng3 Qc7 15. Bg5 Ng8 16. Be3 Bf8 17. b3 Nc6 18. Rc1 Bg7 19. Bb1 a5 20. d4 Bf8 21. Qd2 Rb8 22. d5 Nd8 23. Ng5 f6 24. Nf3 Bg7 25. Nh2 Rf8 26. Rf1 f5 27. f4 fxe4 28. Nxe4 Nf7 29. Nf3 Bd7 30. Nfg5 Nxg5 31. Nxg5 exf4 32. Bxf4 Nf6 33. Rce1 Nh5 34. Re7 Nxf4 35. Rxf4 Kg8 36. Rxf8+ Bxf8 37. Qf4 1-0

[Event "Calvia Amateur op 17th"]
[Site "Calvia"]
[Date "2020.10.11"]
[Round "2"]
[White "Abadia Pascual, Luis"]
[Black "Moreno Garcia, Alfonso"]
[Result "1-0"]
[WhiteElo "1842"]
[BlackElo "2002"]
[PlyCount "26"]
[EventDate "2020.10.10"]
[EventType "swiss"]
[EventRounds "9"]
[EventCountry "ESP"]
[SourceTitle "CBM 198 Extra"]
[Source "ChessBase"]
[SourceDate "2020.11.30"]
[SourceVersion "1"]
[SourceVersionDate "2020.11.30"]
[SourceQuality "1"]

1. e4 e5 2. Nc3 Nf6 3. g3 Nc6 4. Bg2 d6 5. Nf3 Bg4 6. h3 Bh5 7. g4 Bg6 8. d3 Be7 9. Be3 Qd7 10. g5 Nh5 11. Qd2 a6 12. 0-0-0 b5 13. a4 0-0 1-0

[Event "Mallorca-chT Preferente"]
[Site "Palma de Mallorca"]
[Date "2020.03.07"]
[Round "6.2"]
[White "Amengual Perello, Jordi"]
[Black "Moreno Garcia, Alfonso"]
[Result "1-0"]
[WhiteElo "2183"]
[BlackElo "1996"]
[PlyCount "111"]
[EventDate "2020.02.01"]
[EventType "team-tourn"]
[EventRounds "9"]
[EventCountry "ESP"]
[SourceTitle "CBM 195 Extra"]
[Source "ChessBase"]
[SourceDate "2020.05.31"]
[SourceVersion "1"]
[SourceVersionDate "2020.05.31"]
[SourceQuality "1"]
[WhiteTeam "Mallorca Isolani"]
[BlackTeam "Tropic"]
[WhiteTeamCountry "ESP"]
[BlackTeamCountry "ESP"]

1. d4 Nf6 2. Nf3 g6 3. c4 Bg7 4. Nc3 0-0 5. e4 d6 6. Be2 e5 7. d5 Nbd7 8. Bg5 h6 9. Bh4 a6 10. Nd2 Rb8 11. 0-0 Qe8 12. b4 c5 13. dxc6 bxc6 14. Qa4 Nb6 15. Qa5 g5 16. Bg3 Qe7 17. f3 Nh5 18. Bf2 Nd7 19. Rab1 Nf4 20. Rfe1 Nf6 21. c5 Nxe2+ 22. Nxe2 d5 23. exd5 Nxd5 24. Nc4 Rb5 25. Qa4 Rd8 26. Nd6 Rxd6 27. cxd6 Qxd6 28. Bc5 Qc7 29. Qc2 Be6 30. Nc3 Nxc3 31. Qxc3 e4 32. Bd4 Bxd4+ 33. Qxd4 exf3 34. gxf3 Rf5 35. Re3 Rf4 36. Qc3 Qb6 37. Kg2 g4 38. fxg4 Rxg4+ 39. Rg3 Bd5+ 40. Kh3 Rxg3+ 41. Qxg3+ Kf8 42. Qf4 Kg7 43. Rf1 Be6+ 44. Kh4 Qd8+ 45. Kg3 Qd3+ 46. Rf3 Qd5 47. a3 Qd1 48. Qe5+ Kh7 49. Qe4+ Kg7 50. Rf2 Qd6+ 51. Qf4 Qd3+ 52. Rf3 Qg6+ 53. Kh4 Kh7 54. Rg3 Qc2 55. h3 Qb1 56. Qe5 1-0

[Event "Mallorca-chT Preferente"]
[Site "Palma de Mallorca"]
[Date "2020.02.01"]
[Round "1.1"]
[White "Moreno Garcia, Alfonso"]
[Black "Lazarte Anello, David Emiliano"]
[Result "0-1"]
[WhiteElo "1996"]
[BlackElo "2085"]
[PlyCount "88"]
[EventDate "2020.02.01"]
[EventType "team-tourn"]
[EventRounds "9"]
[EventCountry "ESP"]
[SourceTitle "CBM 195 Extra"]
[Source "ChessBase"]
[SourceDate "2020.05.31"]
[SourceVersion "1"]
[SourceVersionDate "2020.05.31"]
[SourceQuality "1"]
[WhiteTeam "Tropic"]
[BlackTeam "Vuit Peons"]
[WhiteTeamCountry "ESP"]
[BlackTeamCountry "ESP"]

1. e4 c5 2. Nf3 d6 3. d4 cxd4 4. Nxd4 Nf6 5. Nc3 a6 6. Bg5 e6 7. f4 Be7 8. Qf3 Qc7 9. Be2 Nbd7 10. 0-0-0 Rb8 11. Rhe1 0-0 12. g4 b5 13. Bxf6 Bxf6 14. g5 Be7 15. h4 b4 16. Na4 Nc5 17. Nxc5 dxc5 18. Nb3 c4 19. Nd2 c3 20. Nc4 cxb2+ 21. Kb1 Bb7 22. f5 exf5 23. Qxf5 Bc8 24. Qe5 Qxe5 25. Nxe5 Rb6 26. Nd7 Bxd7 27. Rxd7 Re6 28. Bc4 Re5 29. Bxa6 f5 30. gxf6 Bxf6 31. Rd5 Rfe8 32. Bc4 Kf8 33. Rd7 R8e7 34. Rxe7 Rxe7 35. Bd5 Re5 36. Rf1 Ke7 37. Rf5 g6 38. Rxe5+ Bxe5 39. Bg8 h6 40. Bh7 Kf6 41. Bg8 Bd4 42. Bd5 Ke5 43. Bc6 g5 44. hxg5 hxg5 0-1

[Event "Mallorca-ch B"]
[Site "Palma de Mallorca"]
[Date "2018.11.25"]
[Round "6.1"]
[White "Moreno Garcia, Alfonso"]
[Black "Martin Mascaro, Juan"]
[Result "1/2-1/2"]
[WhiteElo "1940"]
[BlackElo "1923"]
[PlyCount "56"]
[EventDate "2018.11.10"]
[EventType "swiss"]
[EventRounds "6"]
[EventCountry "ESP"]
[SourceTitle "EXT 2024"]
[Source "ChessBase"]
[SourceDate "2023.10.10"]
[SourceVersion "1"]
[SourceVersionDate "2023.10.10"]
[SourceQuality "1"]

1. e4 d6 2. d4 Nf6 3. Nc3 g6 4. Be2 Bg7 5. Nf3 Nbd7 6. 0-0 0-0 7. h3 c6 8. a4 Qc7 9. Be3 e5 10. Qd2 exd4 11. Bxd4 Re8 12. Bd3 Ne5 13. Nxe5 dxe5 14. Be3 Be6 15. Rfd1 Rad8 16. a5 c5 17. Qe1 c4 18. Be2 Rxd1 19. Qxd1 Rd8 20. Qe1 Qc6 21. Rd1 Rxd1 22. Qxd1 a6 23. Qd8+ Qe8 24. Qc7 Qd7 25. Qb8+ Ne8 26. Nd5 Bxd5 27. exd5 Bf8 28. Qxe5 Bg7 1/2-1/2

[Event "Santa Margalida Mallorca-ch"]
[Site "Santa Margalida"]
[Date "2016.12.02"]
[Round "7"]
[White "Moreno Garcia, Alfonso"]
[Black "Moya Martinez, Diego"]
[Result "1/2-1/2"]
[WhiteElo "1995"]
[BlackElo "1649"]
[PlyCount "68"]
[EventDate "2016.11.11"]
[EventType "swiss"]
[EventRounds "8"]
[EventCountry "ESP"]
[SourceTitle "EXT 2018"]
[Source "ChessBase"]
[SourceDate "2017.10.13"]
[SourceVersion "1"]
[SourceVersionDate "2017.10.13"]
[SourceQuality "1"]

1. e4 e6 2. d4 d5 3. Nc3 dxe4 4. Nxe4 Bd7 5. Nf3 Bc6 6. Bd3 Be7 7. 0-0 Nf6 8. Qe2 Nxe4 9. Bxe4 Bxe4 10. Qxe4 c6 11. Re1 Nd7 12. Bf4 Nf6 13. Qe2 Qd5 14. c4 Qf5 15. Bd2 Rd8 16. Bc3 0-0 17. Rad1 Bd6 18. Ne5 h5 19. h3 Bc7 20. b4 Nd7 21. a4 Nxe5 22. dxe5 Qg5 23. b5 cxb5 24. axb5 g6 25. Qe4 Rxd1 26. Rxd1 Rd8 27. Rxd8+ Bxd8 28. Bb4 Qf5 29. Qd4 Qb1+ 30. Kh2 Qxb4 31. Qxd8+ Kg7 32. Qc7 Qe1 33. Qxb7 Qxe5+ 34. g3 Qd4 1/2-1/2

[Event "Santa Margalida Mallorca-ch"]
[Site "Santa Margalida"]
[Date "2016.11.26"]
[Round "6"]
[White "Rubert Alfonso, Victor"]
[Black "Moreno Garcia, Alfonso"]
[Result "1-0"]
[WhiteElo "1797"]
[BlackElo "1995"]
[PlyCount "71"]
[EventDate "2016.11.11"]
[EventType "swiss"]
[EventRounds "8"]
[EventCountry "ESP"]
[SourceTitle "EXT 2018"]
[Source "ChessBase"]
[SourceDate "2017.10.13"]
[SourceVersion "1"]
[SourceVersionDate "2017.10.13"]
[SourceQuality "1"]

1. e4 e5 2. Nf3 Nc6 3. Bc4 Bc5 4. c3 Nf6 5. d4 exd4 6. cxd4 Bb4+ 7. Bd2 Bxd2+ 8. Nbxd2 d5 9. exd5 Nxd5 10. Qb3 Nce7 11. 0-0 c6 12. Rfe1 0-0 13. Rac1 b5 14. Bxd5 Nxd5 15. Ne5 Bb7 16. Nxc6 Bxc6 17. Rxc6 Ne7 18. Rc2 Nf5 19. Nf3 Nxd4 20. Nxd4 Qxd4 21. Qxb5 Rab8 22. Qe5 Qa4 23. b3 Qb4 24. Rce2 h6 25. Qe4 Qc3 26. Rc2 Qa5 27. Qe5 Qb4 28. Re4 Qa3 29. Rg4 g6 30. g3 Rfe8 31. Qd5 Kg7 32. Kg2 Rbd8 33. Qb7 Rb8 34. Qf3 Qa6 35. Rc7 Qe6 36. Rxa7 1-0

[Event "Mallorca-chT Primera"]
[Site "Palma de Mallorca"]
[Date "2012.03.31"]
[Round "9.2"]
[White "Moreno Garcia, Alfonso"]
[Black "Llado Jaume, Jaume"]
[Result "0-1"]
[WhiteElo "2040"]
[BlackElo "1659"]
[PlyCount "116"]
[EventDate "2012.01.28"]
[EventType "team"]
[EventRounds "9"]
[EventCountry "ESP"]
[SourceTitle "EXT 2014"]
[Source "ChessBase"]
[SourceDate "2013.11.20"]
[SourceVersion "1"]
[SourceVersionDate "2013.11.20"]
[SourceQuality "1"]

1. e4 c6 2. d4 d5 3. Nc3 dxe4 4. Nxe4 Bf5 5. Ng3 Bg6 6. Nf3 Nd7 7. h4 h6 8. Bd3 Bxd3 9. Qxd3 e6 10. Bd2 Qb6 11. 0-0-0 Ne7 12. c4 Qa6 13. Kb1 Nd5 14. Qb3 N5b6 15. Rc1 Be7 16. Rhe1 Rd8 17. Ne4 Nf6 18. Bb4 Nxe4 19. Rxe4 Nc8 20. Bxe7 Nxe7 21. g4 Qb6 22. Qa3 a6 23. h5 Qc7 24. Rce1 Nc8 25. Qc3 Nd6 26. Re5 b5 27. cxb5 Nxb5 28. Qc4 Rd5 29. Rxd5 cxd5 30. Qxd5 0-0 31. Qe4 Na3+ 32. Ka1 Nc2+ 33. Kb1 Nxe1 34. Qxe1 Rc8 35. Qd1 Qb7 36. Qe2 a5 37. a3 Rb8 38. Ne5 Qh1+ 39. Ka2 Qd5+ 40. Kb1 a4 41. f4 Rc8 42. Nf3 Qb3 43. g5 hxg5 44. fxg5 Rb8 45. Ka1 Qd5 46. h6 Qf5 47. hxg7 Rc8 48. Qd1 Qf4 49. Ka2 Rc1 50. Qd3 Qd6 51. Qe4 Qb8 52. Qd3 Qb7 53. b4 axb3+ 54. Kb2 Rc2+ 55. Kb1 Rf2 56. Nd2 Qh1+ 57. Kb2 Qd1 58. Kc3 Qc1+ 0-1

[Event "Mallorca-chT Primera"]
[Site "Palma de Mallorca"]
[Date "2012.03.17"]
[Round "7.1"]
[White "Moreno Garcia, Alfonso"]
[Black "Perez Gandesa, Jose Antonio"]
[Result "0-1"]
[WhiteElo "2040"]
[BlackElo "1911"]
[PlyCount "52"]
[EventDate "2012.01.28"]
[EventType "team"]
[EventRounds "9"]
[EventCountry "ESP"]
[SourceTitle "EXT 2014"]
[Source "ChessBase"]
[SourceDate "2013.11.20"]
[SourceVersion "1"]
[SourceVersionDate "2013.11.20"]
[SourceQuality "1"]

1. e4 d5 2. exd5 Nf6 3. d4 Bg4 4. Be2 Bxe2 5. Nxe2 Qxd5 6. 0-0 Nc6 7. Be3 0-0-0 8. b3 e6 9. c4 Qh5 10. Nbc3 Bd6 11. h3 g5 12. f3 Rhg8 13. Nb5 Be5 14. Qe1 Bf4 15. Qf2 Nb4 16. Bxf4 gxf4 17. Kh2 Nd3 18. Qg1 Qg6 19. Nxa7+ Kb8 20. Nb5 Nh5 21. d5 exd5 22. Qa7+ Kc8 23. Rg1 Ng3 24. Qa8+ Kd7 25. Qxb7 Nxe2 26. Qxd5+ Ke7 0-1

[Event "Mallorca-chB"]
[Site "Palma de Mallorca"]
[Date "2011.12.10"]
[Round "7"]
[White "Moreno Garcia, Alfonso"]
[Black "Sanchez Fernandez, Jose Joaquin"]
[Result "1/2-1/2"]
[WhiteElo "2048"]
[BlackElo "1993"]
[PlyCount "41"]
[EventDate "2011.10.29"]
[EventType "swiss"]
[EventRounds "8"]
[EventCountry "ESP"]
[SourceTitle "EXT 2014"]
[Source "ChessBase"]
[SourceDate "2013.11.20"]
[SourceVersion "1"]
[SourceVersionDate "2013.11.20"]
[SourceQuality "1"]

1. e4 c5 2. Nf3 Nc6 3. d4 cxd4 4. Nxd4 g6 5. Be3 Bg7 6. Nc3 Nf6 7. Be2 0-0 8. 0-0 d6 9. Qd2 Nxd4 10. Bxd4 Bd7 11. f4 Bc6 12. Bf3 Nd7 13. Bxg7 Kxg7 14. a4 Qb6+ 15. Kh1 a5 16. Ra3 Nc5 17. Qd4+ Kg8 18. Nd5 Bxd5 19. exd5 Qb4 20. Rd1 Ra6 21. Be2 1/2-1/2

[Event "Calvia op 3rd"]
[Site "Calvia"]
[Date "2006.10.28"]
[Round "9"]
[White "Moreno Garcia, Alfonso"]
[Black "Vianello, Enrico"]
[Result "0-1"]
[WhiteElo "1988"]
[BlackElo "2164"]
[PlyCount "122"]
[EventDate "2006.10.20"]
[EventType "swiss"]
[EventRounds "9"]
[EventCountry "ESP"]
[SourceTitle "EXT 2007"]
[Source "ChessBase"]
[SourceDate "2006.11.23"]
[SourceVersion "1"]
[SourceVersionDate "2006.11.23"]
[SourceQuality "1"]

1. e4 c5 2. Nf3 Nc6 3. d4 cxd4 4. Nxd4 Nf6 5. Nc3 e5 6. Ndb5 d6 7. Bg5 a6 8. Na3 b5 9. Bxf6 gxf6 10. Nd5 f5 11. Bd3 Be6 12. c3 Bg7 13. Qf3 Bxd5 14. exd5 e4 15. Qe2 Ne7 16. Bc2 b4 17. Ba4+ Kf8 18. cxb4 Nxd5 19. 0-0 Nxb4 20. Nc4 Nd3 21. Qh5 Qf6 22. Nb6 Qd4 23. Bb3 Ra7 24. Nd5 Qe5 25. Qg5 Kg8 26. Qd8+ Bf8 27. Qg5+ Bg7 28. Qd8+ Bf8 29. Qg5+ Bg7 30. Rac1 h6 31. Rc8+ Kh7 32. Rxh8+ Bxh8 33. Qd8 Rb7 34. Nc7 Qf6 35. Qc8 Nc5 36. Nxa6 Re7 37. Nxc5 dxc5 38. Qxc5 Qg5 39. a4 Bxb2 40. a5 Qf6 41. Kh1 Bd4 42. Qb5 f4 43. Bc2 Kg7 44. a6 Re5 45. Qb7 Re7 46. Qd5 Qe5 47. Qc6 Bxf2 48. h3 Ba7 49. Re1 e3 50. Qf3 Rc7 51. Qe2 Qc3 52. Bb1 Qf6 53. Qd3 f3 54. Qe4 f2 55. Rf1 Re7 56. Qh7+ Kf8 57. Kh2 e2 58. Rc1 Bb8+ 59. g3 Bxg3+ 60. Kxg3 Re3+ 61. Kg2 Qf3+ 0-1

[Event "Calvia op 3rd"]
[Site "Calvia"]
[Date "2006.10.24"]
[Round "5"]
[White "Moreno Garcia, Alfonso"]
[Black "Tattersall, Lester William"]
[Result "0-1"]
[WhiteElo "1988"]
[BlackElo "2254"]
[PlyCount "64"]
[EventDate "2006.10.20"]
[EventType "swiss"]
[EventRounds "9"]
[EventCountry "ESP"]
[SourceTitle "EXT 2007"]
[Source "ChessBase"]
[SourceDate "2006.11.23"]
[SourceVersion "1"]
[SourceVersionDate "2006.11.23"]
[SourceQuality "1"]

1. c4 g6 2. d4 Bg7 3. Nf3 d6 4. Nc3 Nf6 5. g3 0-0 6. Bg2 Nbd7 7. e4 e5 8. dxe5 dxe5 9. 0-0 c6 10. Qc2 Re8 11. h3 Nc5 12. Rd1 Qe7 13. Be3 a5 14. b3 Nh5 15. Rac1 f5 16. exf5 gxf5 17. Bg5 Qf7 18. Rd8 Rxd8 19. Bxd8 e4 20. Ne1 f4 21. Bh4 f3 22. Bf1 e3 23. Bd3 Bd4 24. Nd1 e2 25. Nc3 Bxh3 26. Ne4 Rf8 27. Ng5 Qd7 28. Bxh7+ Kh8 29. Ngxf3 Bxf2+ 30. Kh2 Bf1 31. Ng5 Be3 32. Qc3+ Bd4 0-1

[Event "Calvia op 1st"]
[Site "Calvia"]
[Date "2004.11.08"]
[Round "8"]
[White "Bachmann, Axel"]
[Black "Moreno Garcia, Alfonso"]
[Result "1-0"]
[WhiteElo "2282"]
[BlackElo "2087"]
[PlyCount "53"]
[EventDate "2004.11.01"]
[EventType "swiss"]
[EventRounds "9"]
[EventCountry "ESP"]
[SourceTitle "EXT 2005"]
[Source "ChessBase"]
[SourceDate "2004.11.15"]
[SourceVersion "1"]
[SourceVersionDate "2004.11.15"]
[SourceQuality "1"]

1. c4 Nf6 2. Nc3 g6 3. g3 Bg7 4. Bg2 0-0 5. e4 d6 6. Nge2 c6 7. 0-0 Nbd7 8. d3 e5 9. h3 a5 10. a3 Nc5 11. Be3 b6 12. Rb1 Bd7 13. b4 axb4 14. axb4 Ne6 15. Qd2 Qc7 16. f4 exf4 17. gxf4 c5 18. b5 Ra5 19. f5 Nd4 20. Nxd4 cxd4 21. Bxd4 Bc8 22. Qf2 Nd7 23. f6 Bh6 24. Nd5 Qb8 25. Qh4 Bd2 26. Ne7+ Kh8 27. Nxg6+ 1-0

[Event "Andratx 1st"]
[Site "Andratx"]
[Date "2004.10.07"]
[Round "5"]
[White "Moreno Garcia, Alfonso"]
[Black "Borges Matos, Juan R"]
[Result "0-1"]
[WhiteElo "2087"]
[BlackElo "2484"]
[PlyCount "76"]
[EventDate "2004.10.04"]
[EventType "tourn"]
[EventRounds "9"]
[EventCountry "ESP"]
[EventCategory "3"]
[SourceTitle "CBM 102 Extra"]
[Source "ChessBase"]
[SourceDate "2004.11.03"]
[SourceVersion "1"]
[SourceVersionDate "2004.11.03"]
[SourceQuality "1"]

1. c4 f5 2. Nc3 Nf6 3. d4 g6 4. Nf3 Bg7 5. g3 0-0 6. Bg2 d6 7. 0-0 c6 8. Qc2 a5 9. b3 Na6 10. a3 Qe8 11. Bb2 e5 12. dxe5 dxe5 13. Na4 e4 14. Nd4 Nd7 15. Rfd1 Qf7 16. h3 Nac5 17. Nxc5 Nxc5 18. b4 Nd7 19. Rac1 axb4 20. axb4 Ne5 21. f4 exf3 22. exf3 g5 23. Qb3 Re8 24. Re1 Bd7 25. Bf1 b5 26. Qd1 Nxc4 27. Rxe8+ Rxe8 28. Rxc4 bxc4 29. Qc1 Qe7 30. Qxc4+ Kh8 31. Bc3 Qe3+ 32. Kh2 Be5 33. Bg2 Qf2 34. Ne2 Bxc3 35. Qxc3+ Kg8 36. Qc4+ Kf8 37. Qd4 Rxe2 38. Qf6+ Ke8 0-1

[Event "Andratx 1st"]
[Site "Andratx"]
[Date "2004.10.06"]
[Round "3"]
[White "Moreno Garcia, Alfonso"]
[Black "Galiana Salom, Juan Ramon"]
[Result "0-1"]
[WhiteElo "2087"]
[BlackElo "2257"]
[PlyCount "86"]
[EventDate "2004.10.04"]
[EventType "tourn"]
[EventRounds "9"]
[EventCountry "ESP"]
[EventCategory "3"]
[SourceTitle "CBM 102 Extra"]
[Source "ChessBase"]
[SourceDate "2004.11.03"]
[SourceVersion "1"]
[SourceVersionDate "2004.11.03"]
[SourceQuality "1"]

1. e4 e6 2. d4 d5 3. Nc3 Nf6 4. Bg5 Bb4 5. e5 h6 6. Bd2 Bxc3 7. Bxc3 Ne4 8. Bb4 c5 9. dxc5 Nxf2 10. Kxf2 Qh4+ 11. g3 Qxb4 12. Nf3 Nc6 13. Bd3 0-0 14. Re1 Bd7 15. Qe2 f6 16. Kg2 Qxc5 17. Rf1 Qb6 18. Rae1 f5 19. c3 Be8 20. b4 Bh5 21. b5 Na5 22. Qd2 Bxf3+ 23. Rxf3 Qc7 24. h4 Rac8 25. Bb1 Nc4 26. Qe2 Na3 27. Bd3 Qe7 28. Qd2 Rf7 29. Be2 Nc4 30. Bxc4 Rxc4 31. Rf4 Qc5 32. Rxc4 Qxc4 33. b6 axb6 34. Qb2 f4 35. Rf1 Qe4+ 36. Kg1 fxg3 37. Rxf7 Kxf7 38. Qxb6 Qe1+ 39. Kg2 Qf2+ 40. Qxf2+ gxf2 41. Kxf2 Kg6 42. Ke3 Kf5 43. Kd4 g5 0-1

[Event "Andratx 1st"]
[Site "Andratx"]
[Date "2004.10.04"]
[Round "1"]
[White "Moreno Garcia, Alfonso"]
[Black "Schenk Papke, Andres"]
[Result "1-0"]
[WhiteElo "2087"]
[BlackElo "2102"]
[PlyCount "117"]
[EventDate "2004.10.04"]
[EventType "tourn"]
[EventRounds "9"]
[EventCountry "ESP"]
[EventCategory "3"]
[SourceTitle "CBM 102 Extra"]
[Source "ChessBase"]
[SourceDate "2004.11.03"]
[SourceVersion "1"]
[SourceVersionDate "2004.11.03"]
[SourceQuality "1"]

1. e4 e5 2. Nf3 Nc6 3. Bb5 d6 4. c3 f5 5. d3 Nf6 6. Nbd2 Bd7 7. 0-0 Be7 8. Re1 0-0 9. exf5 Bxf5 10. Nf1 Kh8 11. Ng3 Bd7 12. Qe2 a6 13. Ba4 Nd5 14. Bc2 Nf4 15. Bxf4 Rxf4 16. Nh5 Rf7 17. Bb3 Rf8 18. h3 Qe8 19. Ng3 Qg6 20. d4 Bf6 21. d5 Ne7 22. Bc2 Nf5 23. Bxf5 Bxf5 24. Nxf5 Qxf5 25. Qe4 Qh5 26. Qd3 Rf7 27. Re4 a5 28. Rae1 Raf8 29. b4 axb4 30. cxb4 Bd8 31. Rc4 Rf4 32. Rxf4 Rxf4 33. Re4 Qf7 34. a4 g6 35. Qe3 Rf5 36. Qd2 Qd7 37. b5 c6 38. dxc6 bxc6 39. Rxe5 cxb5 40. Rxf5 gxf5 41. axb5 Qxb5 42. Qxd6 Qe8 43. Qd4+ Kg8 44. Qd5+ Kg7 45. Qxf5 Bf6 46. g4 h6 47. h4 Qa4 48. Kg2 Qc6 49. g5 hxg5 50. hxg5 Ba1 51. Qd3 Bb2 52. Qe2 Bc1 53. Qe5+ Kf7 54. Qh8 Qe4 55. Qf6+ Ke8 56. Kg3 Ba3 57. g6 Qe7 58. Qc6+ Kf8 59. Qd5 1-0